000 00601nam a2200193Ia 4500
003 GCL
008 140319s9999 xx 000 0 ara d
020 _a?034411977
040 _aGCL /
_cGCL
082 0 4 _a191
_bز د
100 1 _aزكريا ابراهيم
245 1 0 _aدراسات فى الفلسفة المعاصرة /
_cزكريا ابراهيم
260 _aالقاهرة :
_bدار مصر للطباعة ،
_c1987
300 _a541 ص ؛
_c20 سم
650 0 4 _aالفلسفة
650 0 4 _aالفلسفة العربية
650 0 4 _aالفلسفة الحديثة
942 _2ddc
_cBK
999 _c35013
_d35013